000 00561nam a2200181 4500
001 16463
005 20230410115436.0
008 060907n2000 dr spa
020 _a0815752458
035 _9funglode16597
041 _aEN
050 1 4 _aHD 62.6 L723m 2000
100 _aLight, Paul Charles.
245 1 _aMaking nonprofits work :
_ba report on the tides of nonprofit management reform /
_cPaul C. Light
260 _aWashington, D.C. :
_bAspen Institute : Brookings Institution Press,
_c2000
300 _aix, 114 p.
942 _2lcc
_cbk
999 _c41257
_d41257